[Event "Mondiale Lampo FIDE 2017"]
[Site "Riyadh"]
[Date "30.12.2017"]
[Round "21.69"]
[White "Al Saidi, Mohammed Khalfan"]
[Black "Al Ghamdi, Ahmed M"]
[Result "0-1"]
[BlackTitle "CM"]
[WhiteElo "1468"]
[BlackElo "2159"]
[WhiteFideId "22001271"]
[BlackFideId "21500150"]
[EventDate "2017.12.29"]

1. d4 Nf6 2. c4 d6 3. Nc3 Nbd7 4. e4 e5 5. Nf3 g6 6. dxe5 dxe5 7. Be2 Bg7 8. O-O
O-O 9. Qc2 c6 10. Bg5 h6 11. Bh4 Qc7 12. Rfd1 Re8 13. Rac1 a5 14. b3 g5 15. Bg3
Nh5 16. Rd2 Nf4 17. Bxf4 exf4 18. Rcd1 Ne5 19. Nxe5 Bxe5 20. h3 Be6 21. Bf3 Rad8
22. Na4 b6 23. c5 b5 24. Nb6 Rxd2 25. Qxd2 Bf6 26. Qxa5 Rd8 27. Rxd8+ Qxd8 28.
Qa8 Qxa8 29. Nxa8 Bd4 30. e5 Bxc5 31. Bxc6 b4 32. Nc7 Bf5 33. Na6 Bf8 34. Bd5
Bb1 35. Nc7 Bxa2 36. e6 fxe6 37. Nxe6 Bd6 38. Nxg5+ Kg7 39. Ne6+ Kf6 40. Bc4 Bb1
41. Kf1 Ke5 42. Ke2 Be4 43. f3 Bf5 44. Ng7 Bg6 45. Ne6 Bf5 46. Ng7 Bd7 47. Nh5
Be8 48. g4 Be7 49. Kd3 Bg6+ 50. Ke2 Be8 51. Ng7 Bd7 52. Nh5 Bf8 53. Kd3 Be8 54.
Ke2 Bxh5 55. gxh5 Kf6 56. Kd3 Kg5 57. Ke4 Bg7 58. Bf7 Bc3 59. Bg6 Bd2 60. Kd5
Kh4 61. Ke4 Kxh3 62. Kf5 Kg3 63. Ke6 Kxf3 64. Kd5 Kg3 65. Be4 f3 66. Bxf3 Kxf3
67. Kc4 Kg4 0-1